| 000 | 00753nam a2200253 a 4500 | ||
|---|---|---|---|
| 003 | OSt | ||
| 005 | 20240311140751.0 | ||
| 008 | |||
| 020 | _a720704952 (hbk.) | ||
| 040 | _cNUST | ||
| 049 | _aMAIN | ||
| 090 |
_aREF RC81.A2 _bBRO |
||
| 100 | 1 | _aBrown, J.A.C. | |
| 245 | 1 | 0 |
_aPears Medical Enyclopedia, Illustrated / _cJ AC Brown. |
| 260 |
_aLondon : _bPelham Books, _c1971. |
||
| 300 |
_a464 p. : _bill.(some col.); _c25 cm. |
||
| 336 |
_2rdacontent _atext _btxt |
||
| 337 |
_2rdamedia _aunmediated _bn |
||
| 338 |
_2rdamedia _avolume _bnc |
||
| 650 | 1 |
_aMedicine,Popular _vEncylopedias. |
|
| 650 |
_aHealth _vEncyclopedias. |
||
| 907 |
_a.b10390790 _b14-05-18 _c02-05-18 |
||
| 942 |
_cBOOKS _kREF RC81.A2 _mBRO |
||
| 999 |
_c167654 _d167654 |
||